Retos para el nuevo milenio en America Latina : (Registro nro. 5629)

Detalles MARC
000 -CABECERA
Campo de control 00967nam a2200289 a 4500
005 - FECHA Y HORA DE LA ULTIMA TRANSACCION
Campo de control 20200104041600.0
008 - ELEMENTOS DE LONGITUD FIJA—INFORMACION GENERAL
Campo de control 160215s1998 ck d fr|||| 000 0 spa d
020 ## - ISBN
ISBN 9586017745
040 ## - FUENTE DE CATALOGACIÓN
Agencia catalogadora original CO-BoIAVH
Agencia transcriptora CO-BoIAVH
041 0# - IDIOMA
Código de idioma para texto/pista de sonido o título separado Español
044 ## - PAÍS DE PUBLICACIÓN
País de publicación Colombia
082 04 - NUMERO DE CLASIFICACION DECIMAL DEWEY
Número de clasificación 338.9
Número del ítem G98r
100 1# - ASIENTO PRINCIPAL--NOMBRE PERSONAL
Nombre personal Gutierrez, Roberto
9 (RLIN) 60138
245 10 - MENCION DE TITULO
Título Retos para el nuevo milenio en America Latina :
Parte restante del título desarrollo sostenible, competitividad y reformas de segunda generación
250 ## - MENCION DE EDICION
Mención de edición Primera edición
260 ## - PUBLICACION, DISTRIBUCION, ETC. (PIE DE IMPRENTA)
Lugar de publicación, distribución, etc. Bogotá :
Nombre del editor, distribuidor, etc. Corporación Andina de Fomento :
-- Tercer Mundo,
Fecha de publicación, distribución, etc. 1998.
300 ## - DESCRIPCION FISICA
Extensión 157 páginas :
Otros detalles físicos gráficos ;
Dimensiones 23 x 16 cm.
650 16 - ASIENTO SECUNDARIO DE MATERIA - TERMINO TEMATICO
Término temático o nombre geográfico como elemento de entrada Desarrollo sostenible
9 (RLIN) 278
650 16 - ASIENTO SECUNDARIO DE MATERIA - TERMINO TEMATICO
Término temático o nombre geográfico como elemento de entrada Competitividad
9 (RLIN) 2713
700 1# - ASIENTO SECUNDARIO - NOMBRE PERSONAL
Nombre personal Martínez, Claudia
9 (RLIN) 71
700 1# - ASIENTO SECUNDARIO - NOMBRE PERSONAL
Nombre personal Sfeir Younis, Alfredo
9 (RLIN) 60140
700 1# - ASIENTO SECUNDARIO - NOMBRE PERSONAL
Nombre personal Fairbanks, Michael
9 (RLIN) 60141
700 1# - ASIENTO SECUNDARIO - NOMBRE PERSONAL
Nombre personal Lindsay, Stace
9 (RLIN) 60142
700 1# - ASIENTO SECUNDARIO - NOMBRE PERSONAL
Nombre personal Holden, Paul
9 (RLIN) 60143
700 1# - ASIENTO SECUNDARIO - NOMBRE PERSONAL
Nombre personal Brugger, Ernst A.
9 (RLIN) 46660
942 ## - ELEMENTOS ADICIONALES (KOHA)
Tipo de ítem Libro
Sistema de clasificación Dewey Decimal Classification
Existencias
Withdrawn status Lost status Sistema de Clasificación Damaged status No para préstamo Colección Inventariado Ubicación Permanente Ubicación actual Fecha de adquisición Fuente de Valor Valor Total Checkouts Número topográfico Inventario / Código de Barras Date last seen Ejemplar Price effective from Forma de adquisición Tipo de material
    Dewey Decimal Classification     General Inventariado 2017 Bogotá Bogotá 19/06/2007 Doyle, Peter; López, Susana 39000.00   LB-338.9 G98r 024531 04/12/2012 Ej.1 04/12/2012   Libro